logo

Bir Sreshtho Munshi Abdur Rouf Library
Jhenaidah Cadet College

ইসলামের সামাজিক আচরণ / (Record no. 13851)

MARC details
000 -LEADER
fixed length control field 00845nam a2200241 a 4500
001 - CONTROL NUMBER
JCCL Control Number 13851
003 - CONTROL NUMBER IDENTIFIER
JCCL marc code BD-JhCC
005 - DATE AND TIME OF LATEST TRANSACTION
control field 20240423115436.0
008 - FIXED-LENGTH DATA ELEMENTS--GENERAL INFORMATION
fixed length control field 181026b20042007bg |||| ||a| 000 0 ben d
020 ## - INTERNATIONAL STANDARD BOOK NUMBER
International Standard Book Number 9843209060
035 ## - SYSTEM CONTROL NUMBER
system control number (BD-JhCC)13851
040 ## - CATALOGING SOURCE
Original cataloging agency BD-JhCC
Modifying agency BD-JhCC
041 ## - LANGUAGE CODE
Language code of Book bengali
082 ## - DEWEY DECIMAL CLASSIFICATION NUMBER
Classification number 297.1
Author mark and Year AIU 2004
100 ## - MAIN ENTRY--PERSONAL NAME
Personal name আইউব,হাসান
245 ## - TITLE STATEMENT
Title ইসলামের সামাজিক আচরণ /
Statement of responsibility, etc হাসান আইউব, অনু: এ. এন. এম. সিরাজুল ইসলাম ।
Remainder of title
260 ## - PUBLICATION, DISTRIBUTION, ETC. (IMPRINT)
Place of publication, distribution, etc ঢাকা:
Name of publisher, distributor, etc আহসান পাবলিকেশন;
Date of publication, distribution, etc 2004.
300 ## - PHYSICAL DESCRIPTION
Pagination 540 p. :
Dimensions 22 cm.
650 ## - SUBJECT ADDED ENTRY--TOPICAL TERM
Topical term or geographic name as entry element Faith
Geographic subdivision Aqeedah and Tawbah
700 ## - ADDED ENTRY--PERSONAL NAME
Personal name ইসলাম, এ. এন. এম. সিরাজুল
942 ## - ADDED ENTRY ELEMENTS (KOHA)
Source of classification or shelving scheme Dewey Decimal Classification
Koha item type Books
Holdings
Source of classification or shelving scheme Damaged status Not for loan Home library Current library Shelving location Date of accession Source of acquisition Cost, normal purchase price Total Checkouts Full call number Barcode Date last seen Copy number Method of acquisition Koha item type Currency
Dewey Decimal Classification     JCC Rouf Library JCC Rouf Library General Stacks   With The Compliments Of 7th Intake 200.00   297.1 AIU 2004 19225 04/23/2024 C-1 Gift/Donation Books BDT

JCC Library | Contacts | JCC Home

Last Update on 23 September 2017
Copyright @ 2017-2020 JCC Rouf Library
Rouf Library, Jhenidah Cadet College (JCC), Bangladesh